Production and Operations Management (Record no. 1043)

MARC details
000 -LEADER
fixed length control field 00428nam a22001697a 4500
005 - DATE AND TIME OF LATEST TRANSACTION
control field 20260512135002.0
008 - FIXED-LENGTH DATA ELEMENTS--GENERAL INFORMATION
fixed length control field 160518b xxu||||| |||| 00| 0 eng d
020 ## - INTERNATIONAL STANDARD BOOK NUMBER
ISBN 978-81-203-3203-4
041 ## - LANGUAGE CODE
Language code of text/sound track or separate title eng
082 ## - DEWEY DECIMAL CLASSIFICATION NUMBER
Classification number 658.5
100 ## - MAIN ENTRY--AUTHOR NAME
Personal name Panneersel Vam. R.
245 ## - TITLE STATEMENT
Title Production and Operations Management
260 ## - PUBLICATION, DISTRIBUTION, ETC. (IMPRINT)
Place of publication New Delhi
Name of publisher PHI learning Pvt. Ltd.
Year of publication 2005
300 ## - PHYSICAL DESCRIPTION
Number of Pages 546
650 ## - SUBJECT ADDED ENTRY--TOPICAL TERM
Topical Term Management
942 ## - ADDED ENTRY ELEMENTS (KOHA)
Koha item type Books
Holdings
Lost status Damaged status Collection code Home library Current library Shelving location Date acquired Cost, normal purchase price Full call number Accession Number Koha item type
    MANAGEMENT JRU Library   SHELF- 68 E 18/05/2016 295.00 2996 2996 Books
    MANAGEMENT JRU Library JRU Library SHELF- 68 E 18/05/2016 295.00 2996 2997 Books
    MANAGEMENT JRU Library JRU Library SHELF-76-M 18/05/2016 295.00 658.5 2998 Books
    MANAGEMENT JRU Library JRU Library SHELF- 68 E 18/05/2016 295.00 2996 2999 Books
    MANAGEMENT JRU Library JRU Library SHELF- 68 E 18/05/2016 295.00 2996 3000 Books
    MANAGEMENT JRU Library JRU Library SHELF- 68 E 18/05/2016 295.00 2996 3001 Books
    MANAGEMENT JRU Library   SHELF- 68 E 18/05/2016 295.00 2996 3002 Books
    MANAGEMENT JRU Library JRU Library SHELF- 68 E 18/05/2016 295.00 2996 3003 Books
    MANAGEMENT JRU Library JRU Library SHELF-76-M 18/05/2016 295.00 658.5 3004 Books
    MANAGEMENT JRU Library JRU Library SHELF- 68 E 18/05/2016 295.00 2996 3005 Books
    MANAGEMENT JRU Library JRU Library SHELF- 68 E 18/05/2016 295.00 2996 3006 Books
    MANAGEMENT JRU Library JRU Library SHELF- 68 E 18/05/2016 295.00 2996 3007 Books
    MANAGEMENT JRU Library JRU Library SHELF- 68 E 18/05/2016 295.00 2996 3008 Books
    MANAGEMENT JRU Library JRU Library SHELF-76-M 18/05/2016 295.00 658.5 3009 Books
    MANAGEMENT JRU Library JRU Library SHELF- 68 E 18/05/2016 295.00 2996 3010 Books
    MANAGEMENT JRU Library JRU Library SHELF- 68 E 18/05/2016 295.00 2996 3011 Books